Detalles MARC
| 000 -LIDER |
| fixed length control field |
01032nam a22003017a 4500 |
| 001 - NÚMERO DE CONTROL |
| Identificador de número de control |
240014 |
| 003 - IDENTIFICACDOR DE NÚMERO DE CONTROL |
| control field |
DO-SdBNP |
| 005 - DATE AND TIME OF LATEST TRANSACTION |
| control field |
20221108071652.0 |
| 007 - CAMPOS FIJOS DE DESCRIPCIÓN FÍSICA |
| fixed length control field |
240014 |
| 008 - ELEMENTOS DE LONGITUD FIJA |
| fixed length control field |
160316b 1981 sp xxu||||| |||| 00| 0 spa d |
| 020 ## - ISBN |
| International Standard Book Number |
8402077110 |
| 040 ## - FUENTE DE CATALOGACIÓN |
| Agencia que crea de manera original el registro |
BPMSU |
| Idioma de catalogación |
spa |
| Agencia que realiza la transcripción |
BPMSU |
| 082 #4 - NÚMERO DE CLASIFICACIÓN DECIMAL DE DEWEY |
| Classification number |
813.5 |
| Item number |
A832l 1981 |
| Edition number |
22 |
| 100 1# - ASIENTO PRINCIPAL -- NOMBRE PERSONAL |
| Nombre personal |
Asimov, Isaac, |
| Fechas asociadas con el nombre |
1920-1992. |
| 245 10 - MENCIÓN DE TITULO |
| Título |
Lucky Starr : |
| Subtítulo |
las lunas de Júpiter / |
| Mención de responsabilidad |
Isaac Asimov ; ilustraciones de Nino Velasco ; traducción: María Teresa Segur. |
| 260 ## - PUBLICACIÓN, DISTRIBUCIÓN, ETC. (PIE DE IMPRENTA) |
| Lugar de publicación, distribución, etc |
Barcelona : |
| Nombre del editor, distribuidor, etc. |
Bruguera, |
| Fecha de publicación, distribución, etc |
1981. |
| 300 ## - DESCRIPCIÓN FÍSICA |
| Extensión |
206, [1] p. : |
| Otros detalles físicos |
il. ; |
| Dimensiones |
19 cm. |
| 490 0# - MENCIÓN DE SERIES |
| Mención de serie |
Club joven |
| Volume/sequential designation |
5 |
| 500 ## - NOTA GENERAL |
| Nota general |
Incluye datos biográficos del autor en la contracubierta |
| 534 ## - NOTA SOBRE LA VERSIÓN ORIGINAL |
| Asiento principal del original |
Título original : |
| Mención del título original |
Lucky Starr and the moons of Jupiter. |
| 590 ## - NOTA LOCAL |
| Enlace |
Inventariado, 2022/VM |
| 650 #4 - ENCABEZAMIENTO DE MATERIA--TEMÁTICO |
| Término temático o nombre geográfico como elemento de entrada |
Novela estadounidense. |
| 650 #4 - ENCABEZAMIENTO DE MATERIA--TEMÁTICO |
| Término temático o nombre geográfico como elemento de entrada |
Viajes interplanetarios |
| Subdivisión de forma |
Novela. |
| 700 1# - ASIENTO SECUNDARIO -- NOMBRE PERSONAL |
| Nombre personal |
Velasco, Velasco, |
| Mención de responsabilidad |
tr. |
| 700 1# - ASIENTO SECUNDARIO -- NOMBRE PERSONAL |
| Nombre personal |
Segur, María Teresa, |
| Mención de responsabilidad |
tr. |
| 910 ## - VALIDACIÓN |
| Validación |
LOPEREZ/ VMateo V./Validado |
| 942 ## - ADDED ENTRY ELEMENTS (KOHA) |
| Source of classification or shelving scheme |
Dewey Decimal Classification |
| Koha item type |
Libros |